[Event "ESP-ch U14 rapid"]
[Site "Salobrena"]
[Date "2023.07.23"]
[Round "8"]
[White "Torosyan Saghatelyan, Arturo"]
[Black "Chicote Sagredo, Hugo"]
[Result "1-0"]
[WhiteElo "1666"]
[BlackElo "1341"]
[PlyCount "113"]
[EventDate "2023.07.22"]
[EventType "swiss (rapid)"]
[EventRounds "9"]
[EventCountry "ESP"]
[SourceTitle "EXT 2024"]
[Source "ChessBase"]
[SourceDate "2023.10.10"]
[SourceVersion "1"]
[SourceVersionDate "2023.10.10"]
[SourceQuality "1"]

1. c4 c6 2. Nc3 d5 3. d4 Nf6 4. Nf3 dxc4 5. a4 Bf5 6. e3 e6 7. Bxc4 Nbd7 8. 0-0 Bd6 9. Re1 Bc7 10. e4 Bg4 11. Bg5 h6 12. Bh4 g5 13. Bg3 Nb6 14. Ba2 0-0 15. Qc2 Bxg3 16. hxg3 Bxf3 17. gxf3 Qxd4 18. e5 Nfd5 19. Rad1 Qc5 20. Bb1 Rfd8 21. Nxd5 Rxd5 22. Qh7+ Kf8 23. Qxh6+ Ke7 24. Qxg5+ Kd7 25. Be4 Rxd1 26. Rxd1+ Kc7 27. Qf6 Rf8 28. Kg2 Nd7 29. Qg7 Nxe5 30. b4 Qxb4 31. Qxe5+ Kc8 32. Rd4 Qe7 33. a5 Qc7 34. Qxc7+ Kxc7 35. a6 b6 36. f4 b5 37. Rd1 Rb8 38. g4 Rb6 39. Ra1 c5 40. Kf3 c4 41. Ke3 f6 42. g5 f5 43. Bf3 Rb8 44. Rh1 Rg8 45. Rh6 Kd6 46. Rh7 e5 47. Rxa7 e4 48. Bd1 Kc5 49. Rf7 Ra8 50. a7 Kb4 51. g6 c3 52. g7 Ka3 53. Rf8 Rxa7 54. g8Q Kb2 55. Qb3+ Ka1 56. Bc2 Ra3 57. Qb1# 1-0

[Event "ESP-ch U14 rapid"]
[Site "Salobrena"]
[Date "2023.07.22"]
[Round "1"]
[White "Munoz Osete, Marcos"]
[Black "Chicote Sagredo, Hugo"]
[Result "0-1"]
[WhiteElo "1814"]
[BlackElo "1341"]
[PlyCount "72"]
[EventDate "2023.07.22"]
[EventType "swiss (rapid)"]
[EventRounds "9"]
[EventCountry "ESP"]
[SourceTitle "EXT 2024"]
[Source "ChessBase"]
[SourceDate "2023.10.10"]
[SourceVersion "1"]
[SourceVersionDate "2023.10.10"]
[SourceQuality "1"]

1. d4 c5 2. d5 d6 3. c4 g6 4. Nc3 Bg7 5. e4 Nf6 6. h3 0-0 7. Bg5 Nbd7 8. Nf3 a6 9. a4 Ne8 10. Bd3 Ne5 11. Nxe5 Bxe5 12. Be3 f5 13. exf5 Bxf5 14. Bxf5 Rxf5 15. g4 Rf8 16. Qd2 Bg7 17. Ne4 Qb6 18. 0-0 Rb8 19. Rab1 Qb3 20. Ng5 Qxc4 21. Ne6 Rf3 22. Kg2 Rf7 23. Rbc1 Qxa4 24. Nxg7 Nxg7 25. Qd3 Rbf8 26. f4 Qb5 27. Qd2 Ne8 28. Rf2 Nf6 29. Qc2 Nxd5 30. Bd2 Qc6 31. Kg3 Nf6 32. Re2 Qb5 33. Rce1 Nd5 34. Rf2 Nb4 35. Qc3 Qd3+ 36. Kg2 Qxc3 0-1

[Event "ESP-ch U14 Rapid"]
[Site "Salobrena"]
[Date "2022.07.24"]
[Round "7"]
[White "Chicote Sagredo, Hugo"]
[Black "Oubina Pazos, Ricardo"]
[Result "0-1"]
[WhiteElo "1274"]
[BlackElo "1437"]
[PlyCount "73"]
[EventDate "2022.07.23"]
[EventType "swiss (rapid)"]
[EventRounds "9"]
[EventCountry "ESP"]
[SourceTitle "EXT 2023"]
[Source "ChessBase"]
[SourceDate "2022.10.05"]
[SourceVersion "1"]
[SourceVersionDate "2022.10.05"]
[SourceQuality "1"]

1. e4 c5 2. Nf3 d6 3. d4 cxd4 4. Nxd4 Nf6 5. Nc3 a6 6. g3 e6 7. Bg2 Be7 8. 0-0 0-0 9. h3 Qc7 10. Be3 Nbd7 11. Kh2 Rb8 12. f4 b5 13. f5 e5 14. Nb3 Bb7 15. g4 Nb6 16. g5 Ne8 17. Qg4 Nc4 18. Bc1 f6 19. h4 Nb6 20. h5 b4 21. Ne2 Qxc2 22. h6 Nc4 23. hxg7 Nxg7 24. gxf6 Bxf6 25. Bh6 Qxb2 26. Rac1 Rbc8 27. Rxc4 Rxc4 28. Bxg7 Bxg7 29. f6 Rc7 30. fxg7 Rxg7 31. Qe6+ Rgf7 32. Ng3 Bc8 33. Qd5 Bb7 34. Qe6 Qxa2 35. Nh5 Bxe4 36. Qg4+ Bg6 37. Rxf7 0-1